000 01711nam0a2200361 4500
001 RU\NLR\bibl\36701
005 20250615024443.0
010 _a5-89104-040-9
_915000
021 _aRU
_b99-15206
_9738
021 _aRU
_b2000-21206
_9995
035 _a(NLR Aleph) 000035776
090 _a183304
_c183304
100 _a19990705d1998 |||y0rusy50 ca
101 0 _arus
102 _aRU
105 _aa |||||||||
200 1 _aРуководство по ремонту автомобилей ВАЗ-1111, ВАЗ-11113 с каталогом запасных частей
_e[Эксплуатация обслуж.]
210 _aМ.
_cЛивр
_d1998
215 _a191 с.
_cил.
_d28
225 1 _aАвтомобили России
300 _aНа обл.: ВАЗ 1111. 11113: Рук.по ремонту: Кат.зап.частей
512 1 _aВАЗ 1111. 11113
606 0 _aАвтомобили ВАЗ "Ока"
_jКаталоги
_xЗапасные части
_92097550
_3RU\NLR\auth\661268971
606 0 _aАвтомобили ВАЗ "Ока"
_jРуководства, пособия и т.п.
_xРемонт
_91384836
_3RU\NLR\auth\66581584
606 0 _a"Ока", легковые автомобили микролитражные
_jКаталоги
_xЗапасные части
_92097549
_3RU\NLR\auth\661268970
606 0 _a"Ока", легковые автомобили микролитражные
_jРуководства, пособия и т.п.
_xРемонт
_92097547
_3RU\NLR\auth\661268969
686 _aО335.526-083я7
801 0 _aRU
_bNLR
_c19990705
_gPSBO
801 1 _aRU
_bNLR
_c19990705
852 _aNLR
_j99-8/845
942 _cBOOK
980 _aNB